000 00279nam a22001217a 4500
008 181121b xxu||||| |||| 00| 0 eng d
041 _aeng
080 _a338
100 _a55
101 _aMAN
245 _aMnaging A cOntemoporary Based Approach
_cSlocum.j
942 _2udc
_cBK
999 _c52289
_d52289